| 000 | 01119nam a2200301 a 4500 | ||
|---|---|---|---|
| 001 | 000024748 | ||
| 005 | 20200930023339.0 | ||
| 008 | 110203s1969 sp r 000 | spa d | ||
| 020 | _a8420638692 | ||
| 040 |
_aDO-SdBNP _bspa _cBNPHU |
||
| 041 | 1 | 7 |
_aeng _hspa _aCódigo de idioma MARC |
| 082 |
_a370.1 _bB894h |
||
| 100 | 1 |
_aBruner, Jerome S. _950772 |
|
| 240 | 1 | 0 |
_aToward a theory of instruction. _lEspañol |
| 245 | 1 | 0 |
_aHacia una teoría de la instrucción / _cpor Jerome S. Bruner ; traducción al español por Nuria Parés; prologó Jerome S. Buner. |
| 260 |
_aMéxico, D, F. : _bUnión Tipográfica Editorial Hispano Americana, _c1969. |
||
| 300 |
_axii, 234, [14 p.] p. ; _c18 cm. |
||
| 490 | 1 | _aManuales uteha | |
| 490 | 1 |
_aEducación _v373 |
|
| 534 |
_aTítulo original _tToward a theory of instruction. |
||
| 650 | 4 |
_aMetodología pedagógica _950773 |
|
| 650 | 4 |
_aEducación _xTeoría _950774 |
|
| 650 | 4 |
_aModelos de enseñanzas _950775 |
|
| 700 | 1 |
_aBuner, Jerome S., _epról. _950776 |
|
| 700 | 1 |
_aParés, Nuria, _etr. _99909 |
|
| 830 | 0 |
_aManuales uteha; _pEducación, _v373 _950777 |
|
| 049 | _aBNGR | ||
| 999 |
_c24241 _d24241 |
||